| 000 | 00656nam a22002052 4500 | ||
|---|---|---|---|
| 001 | 0000006939 | ||
| 005 | 20151217152018.0 | ||
| 008 | 071027s xx 000 0 eng d | ||
| 020 |
_a8172247176 : _cKES 550 |
||
| 040 |
_aKABU _cKABU |
||
| 100 | 1 |
_aDugger, Jim. _@0000157922 |
|
| 245 | 1 | 0 |
_aBusiness letters for busy people : _btime-saving, ready-to-use letters for any occasion / _cJim Dugger. |
| 250 | _a3rd ed. | ||
| 260 |
_aMumbai : _bJaico, _c1999. |
||
| 300 | _a252 p. | ||
| 650 | 0 |
_aCommercial correspondence _xHandbooks, manuals, etc. _@0000157923 |
|
| 908 | _a071027 | ||
| 950 | _@1 | ||
| 999 |
_c7316 _d7316 |
||